El terror de Sexto B y otras historias del colegio / (Registro nro. 11788)
[ vista simple ]
| 000 -LEADER | |
|---|---|
| fixed length control field | 00972nam a22002897a 4500 |
| 001 - CONTROL NUMBER | |
| control field | 000643 |
| 003 - CONTROL NUMBER IDENTIFIER | |
| control field | DO-SdBNP |
| 005 - DATE AND TIME OF LATEST TRANSACTION | |
| control field | 20180208142625.0 |
| 007 - PHYSICAL DESCRIPTION FIXED FIELD--GENERAL INFORMATION | |
| fixed length control field | 000643 |
| 008 - FIXED-LENGTH DATA ELEMENTS--GENERAL INFORMATION | |
| fixed length control field | 161104b 2003 mx a ||||| |||| 00| 0 spa d |
| 020 ## - INTERNATIONAL STANDARD BOOK NUMBER | |
| International Standard Book Number | 9789870401919 |
| 040 ## - CATALOGING SOURCE | |
| Original cataloging agency | BPMSU |
| Language of cataloging | spa |
| Transcribing agency | BPMSU |
| 100 1# - MAIN ENTRY--PERSONAL NAME | |
| Personal name | Reyes, Yolanda |
| 245 10 - TITLE STATEMENT | |
| Title | El terror de Sexto B y otras historias del colegio / |
| Statement of responsibility, etc. | Yolanda Reyes ; ilustraciones de Daniel Rabanal. |
| 260 ## - PUBLICATION, DISTRIBUTION, ETC. (IMPRINT) | |
| Place of publication, distribution, etc. | Mexico : |
| Name of publisher, distributor, etc. | Alfaguara, |
| Date of publication, distribution, etc. | 2003 |
| Date of manufacture | 2ª ed. 7ª reimp. 2011 |
| 300 ## - PHYSICAL DESCRIPTION | |
| Extent | 78 p. : |
| Other physical details | il. ; |
| Dimensions | 20 cm. |
| 490 1# - SERIES STATEMENT | |
| Series statement | Alfaguara infantil. |
| 500 ## - GENERAL NOTE | |
| General note | Desde 10 años |
| 500 ## - GENERAL NOTE | |
| General note | Incluye datos del autor. |
| 500 ## - GENERAL NOTE | |
| General note | séptima reimpresión: enero de 2011 |
| 500 ## - GENERAL NOTE | |
| General note | En algunas reimpresiones el título es "El terror de sexto B".<br/> |
| 700 12 - ADDED ENTRY--PERSONAL NAME | |
| Personal name | Rabanal, Daniel, |
| Dates associated with a name | 1949- |
| Relator term | il. |
| 830 #0 - SERIES ADDED ENTRY--UNIFORM TITLE | |
| Uniform title | Alfaguara infantil. |
| 942 ## - ADDED ENTRY ELEMENTS (KOHA) | |
| Source of classification or shelving scheme | Dewey Decimal Classification |
| Koha item type | Libros |
| 945 ## - LOCAL PROCESSING INFORMATION (OCLC) | |
| a | Inventariado, 2018 /LP |
| 956 ## - LOCAL ELECTRONIC LOCATION AND ACCESS (OCLC) | |
| Access method | LOPEREZ |
| Materials specified | 10 |
| Linkage | 20161104 |
| Field link and sequence number | BPMSU |
| Host name | 00041 |
| Withdrawn status | Lost status | Source of classification or shelving scheme | Damaged status | Not for loan | Collection code | Home library | Current library | Date acquired | Source of acquisition | Total Checkouts | Barcode | Date last seen | Price effective from | Koha item type |
|---|---|---|---|---|---|---|---|---|---|---|---|---|---|---|
| Dewey Decimal Classification | Colección Infantil General | Biblioteca Pública Metropolitana Salomé Ureña | Biblioteca Pública Metropolitana Salomé Ureña | 11/04/2016 | Alfaguara | BPMSU16110078 | 11/04/2016 | 11/04/2016 | Libros |